000 00231 a2200097 4500
001 41787
100 _aMcloughlin E V
245 _aThe Book of Knowledge (Vol-IX)
260 _aNew York
_bGrolier Society
_c
090 _c25898
_d25898
942 _aNUST-CAE
_cM
_c17666
999 _c276860
_d276860